Bloons TD 6 Towers and Heroes - AnakinSkywalker7 + oofcreeper45 - Statistics

General Stats
  • This quiz has been taken 1,048 times
    909 since last reset
  • The average score is 20 of 36
Answer Stats
Hint Answer % Correct
Primary Dart Monkey
96%
Primary Bomb Shooter
84%
Primary Boomerang Monkey
84%
Primary Tack Shooter
84%
Primary Ice Monkey
81%
Primary Glue Gunner
80%
Military Sniper Monkey
79%
Military Monkey Sub
73%
Military Monkey Ace
72%
Magic Super Monkey
69%
Magic Wizard Monkey
69%
Military Heli Pilot
68%
Military Monkey Buccaneer
66%
Hero Quincy
63%
Magic Druid
61%
Military Mortar Monkey
61%
Military Dartling Gunner
60%
Magic Ninja Monkey
57%
Support Banana Farm
55%
Magic Alchemist
54%
Support Spike Factory
54%
Support Monkey Village
51%
Support Engineer Monkey
47%
Hero Gwendolin
40%
Hero Sauda
36%
Hero Adora
35%
Hero Obyn Greenfoot
34%
Hero Geraldo
33%
Hero Striker Jones
33%
Hero Captain Churchill
32%
Hero Benjamin
30%
Hero Pat Fusty
29%
Hero Psi
28%
Hero Ezili
26%
Hero Etienne
22%
Hero Admiral Brickell
16%
No matching quizzes found
Score Distribution
Percent of People with Each Score
Percentile by Number Answered
Your Score History
You have not taken this quiz since the last reset